Bytový dom

Saved in:
Bibliographic Details
Main Author: Kučerová, Tatiana (Author)
Other Authors: Hanuliak, Peter (Thesis advisor)
Format: Manuscript Book
Language:Slovak
Published: 2016
Subjects:
Online Access:http://is.stuba.sk/zp/portal_zp.pl?podrobnosti=99554
https://opac.crzp.sk/?fn=detailBiblioForm&sid=427371B0090519B80445D621842E
Tags: Add Tag
No Tags, Be the first to tag this record!

MARC

LEADER 00000ntm a22000003a 4500
001 stuzp56714
003 SK-STU
005 20230626130220.7
007 ta
008 150427s2015----xo-----f-mn---000-0-slo-d
040 |a STU  |b slo 
041 0 |a slo 
100 1 |a Kučerová, Tatiana  |u 010180  |4 aut  |U SvF Stavebná fakulta  |T SvF Katedra konštrukcií pozemných stavieb  |X 55341  |U V180  |Y 18  |7 55341 
242 0 1 |a Residential building  |y eng 
245 1 0 |a Bytový dom 
260 |c 2016 
650 4 |a Bytový dom  |2 slo 
650 4 |a realizačný projekt  |2 slo 
650 4 |a funkčné riešenie  |2 slo 
650 4 |a Condominium  |2 eng 
650 4 |a project, functional solution  |2 eng 
650 4 |a thermal technical evaluation  |2 eng 
700 1 |a Hanuliak, Peter  |u 010180  |k Z1  |4 ths  |U SvF Stavebná fakulta  |T SvF Katedra konštrukcií pozemných stavieb  |X 11280  |U V180  |Y 18  |7 A000011280 
856 4 |u http://is.stuba.sk/zp/portal_zp.pl?podrobnosti=99554 
856 4 |u https://opac.crzp.sk/?fn=detailBiblioForm&sid=427371B0090519B80445D621842E 
SQL |a stuzp56714  |b DBP  |c SLO  |d Bytový dom  |e 55341  |f Kučerová, Tatiana  |g 010180  |h 11280  |i Hanuliak, Peter  |j 20160622  |k 4  |l 01  |m http://is.stuba.sk/zp/portal_zp.pl?podrobnosti=99554  |n B-PSA  |o 5.1.4. pozemné stavby, 5.1.1. architektúra a urbanizmus